000
00279nam a22001337a 4500
008
170918b xxu||||| |||| 00| 0 eng d
020
_a
064300331
041
_a
eng
080
_a
77
100
_a
44
101
_a
ART
245
_a
RENAISSANCE ART
_c
GILBERT,C
942
_2
udc
_c
BK
999
_c
27955
_d
27955